Work to welfare how men become detached from the labour market /

Bibliographic Details
Corporate Author: ProQuest (Firm)
Other Authors: Alcock, Peter, 1951-
Format: Electronic eBook
Language:English
Published: Cambridge ; New York : Cambridge University Press, c2003.
Subjects:
Online Access:Click to View
LEADER 01521nam a22003974a 4500
001 EBC217682
003 MiAaPQ
005 20200520144314.0
006 m o d |
007 cr cn|||||||||
008 020522s2003 enkab sbs 001 0 eng
010 |z  2002071641 
020 |z 0521802490 
020 |z 0521002869 (pb.) 
035 |a (MiAaPQ)EBC217682 
035 |a (Au-PeEL)EBL217682 
035 |a (CaPaEBR)ebr10069961 
035 |a (CaONFJC)MIL41827 
035 |a (OCoLC)57417914 
040 |a MiAaPQ  |c MiAaPQ  |d MiAaPQ 
050 4 |a HD5765.A6  |b W673 2003 
082 0 4 |a 331.12/0941  |2 21 
245 0 0 |a Work to welfare  |h [electronic resource] :  |b how men become detached from the labour market /  |c Pete Alcock ... [et al.]. 
260 |a Cambridge ;  |a New York :  |b Cambridge University Press,  |c c2003. 
300 |a xvii, 291 p. :  |b ill., maps. 
504 |a Includes bibliographical references (p. 275-283) and index. 
533 |a Electronic reproduction. Ann Arbor, MI : ProQuest, 2015. Available via World Wide Web. Access may be limited to ProQuest affiliated libraries. 
650 0 |a Men  |x Employment  |z Great Britain. 
650 0 |a Unemployment  |z Great Britain. 
650 0 |a Work  |z Great Britain  |x Psychological aspects. 
650 0 |a Labor policy  |z Great Britain. 
650 0 |a Public welfare  |z Great Britain. 
655 4 |a Electronic books. 
700 1 |a Alcock, Peter,  |d 1951- 
710 2 |a ProQuest (Firm) 
856 4 0 |u https://ebookcentral.proquest.com/lib/matrademy/detail.action?docID=217682  |z Click to View